| 000 | 01238 a2200253 4500 | ||
|---|---|---|---|
| 003 | Nust | ||
| 005 | 20230102122109.0 | ||
| 010 | _a 97052216 | ||
| 020 | _a002800437X (text) | ||
| 020 | _a0028004388 (disk) | ||
| 040 | _cNust | ||
| 082 | 0 | 0 | _a621.388,GRO |
| 100 | 1 |
_aGrob, Bernard. _919461 |
|
| 245 | 1 | 0 |
_aBasic television and video systems / _cBernard Grob, Charles E. Herndon. |
| 250 | _a6th ed. | ||
| 260 |
_aNew York, N.Y. : _bGlencoe/McGraw-Hill, _cc1999. |
||
| 300 |
_ax, 727 p. : _bill. ; _c26 cm. |
||
| 505 | _aApplication of Television (Page-1), The Television Picture (Page-25), Television Camera (Page-43), Picture Tubes (Page-77), Scanning and Synchronizing (Page-124), Color Television Circuits (Page-163), Video Test Signals (Page-196), Television Transmission (Page-258), Television Receiver (Page-284), Raster Circuits (Page-312), Color Television Receiver (Page-332), Cable Television (Page-364), Television and Video Servicing (Page-397). | ||
| 650 | 0 | _aTelevision. | |
| 700 | 1 |
_aHerndon, Charles E. _9106605 |
|
| 856 | 4 | 2 |
_3Publisher description _uhttp://www.loc.gov/catdir/description/mh031/97052216.html |
| 856 | 4 | 2 |
_3Table of contents _uhttp://www.loc.gov/catdir/toc/mh031/97052216.html |
| 942 |
_2ddc _cBK |
||
| 999 |
_c183283 _d183283 |
||